| 000 | 01112nac a22002891u 4500 | ||
|---|---|---|---|
| 010 | _a 2006012338 | ||
| 020 | _a0849393876 | ||
| 020 | _a9780849393877 | ||
| 035 | _a(OCoLC)ocm67361171 | ||
| 082 | 0 | 0 |
_a620.5 _bNAN |
| 090 |
_c8955 _d8955 |
||
| 100 | _a20080729 | ||
| 245 | 0 | 0 |
_aNanotubes and nanofibers / _cedited by Yury Gogotsi. |
| 260 |
_aBoca Raton, FL : _bCRC Taylor & Francis,2006 _cc2006. |
||
| 300 |
_a248 p. : _bill. ; _c27 cm. |
||
| 440 | 0 | _aAdvanced materials series | |
| 500 | _adistributer: scientific home bookshop | ||
| 504 | _aIncludes bibliographical references and index. | ||
| 511 | _acatalogued by: wessam | ||
| 650 | 0 | _aNanotubes. | |
| 650 | 0 | _aNanostructured materials. | |
| 700 | 1 |
_aGogotsi, Yury _d1961- |
|
| 856 | 4 | 1 |
_3Table of contents _uhttp://www.loc.gov/catdir/toc/ecip0612/2006012338.html |
| 856 | 4 | 1 |
_3Publisher description _uhttp://www.loc.gov/catdir/enhancements/fy0653/2006012338-d.html |
| 942 |
_cBB _k620.5NAN |
||
| 999 |
_c8955 _d8955 |
||